[Event "III. CLANSKA LIGA ZAHOD 2019"]
[Site "Komenda"]
[Date "2019.12.06"]
[Round "1.1"]
[White "Kutin, Dusan"]
[Black "Kobe, Uros"]
[Result "0-1"]
[WhiteElo "1820"]
[BlackElo "2054"]
[PlyCount "68"]
[EventDate "2019.12.06"]
[WhiteTeam "KPŠRD KAREL JERAJ LJUBLJANA"]
[BlackTeam "MATRIKA ZVO STARI TRG OB KOLPI"]

1. e4 e6 2. d4 d5 3. exd5 exd5 4. Nc3 g6 5. Nf3 Bg7 6. h3 Ne7 7. Bd3 Nbc6 8.
Be3 Nf5 9. Bxf5 Bxf5 10. O-O O-O 11. a3 h6 12. Re1 Qd7 13. Kh2 Qd6+ 14. Kg1
Rae8 15. Nb5 Qd7 16. Kh2 a6 17. Nc3 g5 18. g4 Bg6 19. Qd2 f5 20. gxf5 Qxf5 21.
Ng1 Ne7 22. Nce2 Qxc2 23. Qxc2 Bxc2 24. Rac1 Ba4 25. Rxc7 Bc6 26. Rc1 Bf6 27.
Ng3 Kf7 28. Nf5 Kg6 29. Nd6 Rb8 30. Nf3 Nf5 31. Ne5+ Bxe5+ 32. dxe5 Nxe3 33.
fxe3 Rf2+ 34. Kg3 Rbf8 0-1

[Event "III. CLANSKA LIGA ZAHOD 2019"]
[Site "Komenda"]
[Date "2019.12.06"]
[Round "1.2"]
[White "Baric, Dusan"]
[Black "Mlacnik, Janez"]
[Result "1/2-1/2"]
[WhiteElo "2013"]
[BlackElo "1783"]
[PlyCount "75"]
[EventDate "2019.12.06"]
[WhiteTeam "MATRIKA ZVO STARI TRG OB KOLPI"]
[BlackTeam "KPŠRD KAREL JERAJ LJUBLJAN"]

1. e4 d6 2. d4 Nf6 3. Bd3 g6 4. Nf3 Bg7 5. Bg5 Nbd7 6. Qd2 c6 7. O-O h6 8. Bf4
Nh5 9. Be3 e5 10. c3 g5 11. h3 Nf4 12. Na3 Qf6 13. Nh2 h5 14. Bxf4 gxf4 15. Nf3
Nb6 16. dxe5 dxe5 17. Kh2 Bd7 18. c4 Bf8 19. b4 c5 20. Nc2 Rd8 21. Rad1 Bg4 22.
bxc5 Bxc5 23. Qa5 Bxf3 24. gxf3 Nd7 25. Be2 Rg8 26. Rxd7 Rxd7 27. Qxc5 Rd2 28.
Qc8+ Qd8 29. Qxd8+ Kxd8 30. Bd1 a5 31. Na3 Rxa2 32. Nb5 Ke7 33. Nc3 Rd2 34.
Nd5+ Kd6 35. Ba4 Ra2 36. Bb5 Rg6 37. Nc3 Rc2 38. Na4 1/2-1/2

[Event "III. CLANSKA LIGA ZAHOD 2019"]
[Site "Komenda"]
[Date "2019.12.06"]
[Round "1.3"]
[White "Vertacnik, Viktor"]
[Black "Bedic, Slavko"]
[Result "1/2-1/2"]
[WhiteElo "1605"]
[BlackElo "1890"]
[PlyCount "79"]
[EventDate "2019.12.06"]
[WhiteTeam "KPŠRD KAREL JERAJ LJUBLJAN"]
[BlackTeam "MATRIKA ZVO STARI TRG OB KOLPI"]

1. e4 c5 2. c3 d6 3. Nf3 Nf6 4. Be2 Nc6 5. d3 g6 6. O-O Bg7 7. h3 O-O 8. Be3
Qc7 9. Nbd2 b6 10. Rc1 Bb7 11. d4 Qd8 12. d5 Nb8 13. c4 Nbd7 14. Qc2 e5 15. Nh2
Ne8 16. f4 exf4 17. Bxf4 Ne5 18. Nhf3 Qe7 19. Nxe5 Bxe5 20. Bh6 Bg7 21. Bxg7
Nxg7 22. Qc3 Rae8 23. Qf6 Qe5 24. Qxe5 Rxe5 25. Bf3 Bc8 26. Rce1 Rfe8 27. Kf2
Bd7 28. b3 h5 29. g4 Kh7 30. Nb1 R8e7 31. Nc3 Kh6 32. Re2 Kg5 33. Kg3 hxg4 34.
hxg4 f5 35. exf5 gxf5 36. Rxe5 Rxe5 37. gxf5 Bxf5 38. Rg1 Kf6 39. Nb5 a6 40.
Nxd6 1/2-1/2

[Event "III. CLANSKA LIGA ZAHOD 2019"]
[Site "Komenda"]
[Date "2019.12.06"]
[Round "1.4"]
[White "Danculovic, Jovica"]
[Black "Cizman, Gregor"]
[Result "1-0"]
[WhiteElo "1813"]
[BlackElo "1543"]
[PlyCount "37"]
[EventDate "2019.12.06"]
[WhiteTeam "MATRIKA ZVO STARI TRG OB KOLPI"]
[BlackTeam "KPŠRD KAREL JERAJ LJUBLJAN"]

1. e4 c6 2. d4 d5 3. e5 Bf5 4. Bd3 Bxd3 5. Qxd3 e6 6. Ne2 Nd7 7. O-O a6 8. f4
g6 9. Nd2 Rc8 10. Nf3 c5 11. c3 Ne7 12. Be3 Nc6 13. g4 Be7 14. f5 cxd4 15. Bxd4
Nxd4 16. cxd4 O-O 17. f6 Bb4 18. Ng5 h6 19. Qh3 1-0

[Event "III. CLANSKA LIGA ZAHOD 2019"]
[Site "Komenda"]
[Date "2019.12.06"]
[Round "1.1"]
[White "Krumpak, Hinko"]
[Black "Ocepek, Marjan"]
[Result "1-0"]
[WhiteElo "2049"]
[BlackElo "1581"]
[PlyCount "85"]
[EventDate "2019.12.06"]
[WhiteTeam "SK VISNJA GORA - STICNA"]
[BlackTeam "SD MENGES - TRZIN"]

1. d3 Nf6 2. g3 d5 3. Bg2 e5 4. Nf3 Bd6 5. c4 c6 6. O-O O-O 7. cxd5 cxd5 8. Nc3
h6 9. Nb5 Nc6 10. Nxd6 Qxd6 11. d4 e4 12. Ne1 Nh7 13. Nc2 Be6 14. b3 b5 15. a4
a6 16. axb5 axb5 17. Bd2 Rfc8 18. Qb1 f5 19. Qb2 Nf6 20. Rxa8 Rxa8 21. Ra1 Qb8
22. Nb4 Nxb4 23. Rxa8 Qxa8 24. Bxb4 Qc6 25. e3 Bd7 26. Bc5 Qa6 27. Qa3 Qxa3 28.
Bxa3 Kf7 29. Kf1 h5 30. Ke1 g5 31. h3 g4 32. hxg4 hxg4 33. Kd2 Ne8 34. Kc3 Nc7
35. Kb4 Ke8 36. Ka5 Kd8 37. Bd6 Ne8 38. Be5 Bc6 39. Bf1 Kd7 40. Bxb5 Nd6 41.
Bxc6+ Kxc6 42. Bxd6 Kxd6 43. b4 1-0

[Event "III. CLANSKA LIGA ZAHOD 2019"]
[Site "Komenda"]
[Date "2019.12.06"]
[Round "1.2"]
[White "Posavec, Zvone"]
[Black "Jese, Janez"]
[Result "0-1"]
[WhiteElo "1348"]
[BlackElo "1726"]
[PlyCount "88"]
[EventDate "2019.12.06"]
[WhiteTeam "SD MENGES - TRZIN"]
[BlackTeam "SK VISNJA GORA - STICNA"]

1. e4 e5 2. Nf3 Nc6 3. Bb5 a6 4. Ba4 Nf6 5. O-O b5 6. Bb3 Be7 7. Re1 O-O 8. c3
d5 9. exd5 Nxd5 10. Nxe5 Nxe5 11. Rxe5 c6 12. Bxd5 cxd5 13. d4 Bd6 14. Re1 Qh4
15. g3 Qh3 16. Qf3 Bg4 17. Qg2 Qh5 18. Be3 Bf3 19. Qf1 f5 20. Nd2 f4 21. Nxf3
fxe3 22. fxe3 Rxf3 23. Qg2 Raf8 24. Rf1 Qg4 25. Rxf3 Qxf3 26. Qxf3 Rxf3 27. Re1
Rf8 28. e4 Re8 29. e5 b4 30. Rc1 bxc3 31. exd6 cxb2 32. Rb1 Rd8 33. Rxb2 Rxd6
34. Rf2 g6 35. Kf1 Rb6 36. Ke2 Kg7 37. Ke3 Re6+ 38. Kd2 h5 39. h4 Rb6 40. Kd3
Rb4 41. Kc3 Ra4 42. Kd3 Ra3+ 43. Ke2 Rxa2+ 44. Kf1 Rxf2+ 0-1

[Event "III. CLANSKA LIGA ZAHOD 2019"]
[Site "Komenda"]
[Date "2019.12.06"]
[Round "1.3"]
[White "Jancigaj, Saso Valentin"]
[Black "Timagina, Sofia"]
[Result "1-0"]
[WhiteElo "1682"]
[BlackElo "1072"]
[PlyCount "57"]
[EventDate "2019.12.06"]
[WhiteTeam "SK VISNJA GORA - STICNA"]
[BlackTeam "SD MENGES - TRZIN"]

1. f4 Nf6 2. Nf3 g6 3. b4 Bg7 4. Bb2 O-O 5. e3 d6 6. c4 Bf5 7. Be2 Nbd7 8. O-O
a5 9. a3 axb4 10. axb4 Rxa1 11. Bxa1 Re8 12. d4 c5 13. bxc5 dxc5 14. d5 Ne4 15.
Bxg7 Kxg7 16. Nh4 Nd6 17. Nxf5+ Nxf5 18. Qd2 e5 19. g4 Nd6 20. g5 exf4 21. exf4
Qe7 22. Qc3+ Kg8 23. Bg4 Nb6 24. Nd2 Qe3+ 25. Qxe3 Rxe3 26. Rc1 Rd3 27. Rc2 Rd4
28. Be2 Rxf4 29. Nb3 {nejasno (41)} 1-0

[Event "III. CLANSKA LIGA ZAHOD 2019"]
[Site "Komenda"]
[Date "2019.12.06"]
[Round "1.1"]
[White "Stanic, Vitko"]
[Black "Trivuncevic, Bosko"]
[Result "1/2-1/2"]
[WhiteElo "1744"]
[BlackElo "1937"]
[PlyCount "80"]
[EventDate "2019.12.06"]
[WhiteTeam "SK LOSKA DOLINA 2"]
[BlackTeam "SK LOSKA DOLINA 1"]

1. d4 d6 2. Nf3 Bd7 3. Bf4 Nc6 4. e3 Nf6 5. h3 e6 6. Be2 Ne7 7. O-O Ng6 8. Bh2
Be7 9. Nbd2 O-O 10. c4 Re8 11. a3 Bf8 12. Qc2 b6 13. Rfd1 Qc8 14. Bf1 e5 15.
dxe5 dxe5 16. b4 c5 17. b5 Bf5 18. e4 Bd7 19. Qc3 Bd6 20. Qd3 Bc7 21. a4 Nh5
22. Qc3 Nhf4 23. Ra3 f6 24. Re1 Ne6 25. Bg3 Bd6 26. a5 Nd4 27. axb6 axb6 28.
Rxa8 Qxa8 29. Ra1 Qb7 30. Qa3 Rb8 31. Nxd4 Bf8 32. N4f3 Qc7 33. Qd3 Rd8 34. Qe3
Be6 35. Ra3 Bc8 36. Qb3 Bb7 37. Ra7 Qb8 38. Qa3 Ne7 39. Ra4 Nc8 40. Qe3 Nd6
1/2-1/2

[Event "III. CLANSKA LIGA ZAHOD 2019"]
[Site "Komenda"]
[Date "2019.12.06"]
[Round "1.2"]
[White "Drobnic, Milan"]
[Black "Bavec, Vinko"]
[Result "1/2-1/2"]
[WhiteElo "1984"]
[BlackElo "1547"]
[PlyCount "60"]
[EventDate "2019.12.06"]
[WhiteTeam "SK LOSKA DOLINA 1"]
[BlackTeam "SK LOSKA DOLINA 2"]

1. c4 Nf6 2. Nf3 d5 3. g3 c6 4. Bg2 e6 5. O-O Be7 6. Qc2 h6 7. b3 O-O 8. Bb2
Nbd7 9. d3 Ne8 10. e4 Bf6 11. e5 Be7 12. Nbd2 f5 13. Rfe1 Nb8 14. Rac1 Nc7 15.
Nd4 Nba6 16. a3 c5 17. Ne2 b6 18. Nf4 Bg5 19. Ng6 Rf7 20. h4 Bxd2 21. Qxd2 Bb7
22. Red1 Rc8 23. Nf4 Re7 24. b4 Ba8 25. b5 Nb8 26. d4 cxd4 27. Qb4 Rd7 28. Rxd4
Qe8 29. c5 Rdd8 30. c6 Bxc6 1/2-1/2

[Event "III. CLANSKA LIGA ZAHOD 2019"]
[Site "Komenda"]
[Date "2019.12.06"]
[Round "1.3"]
[White "Sraj, Jernej"]
[Black "Sharku, Hysen"]
[Result "0-1"]
[WhiteElo "1052"]
[BlackElo "1787"]
[PlyCount "50"]
[EventDate "2019.12.06"]
[WhiteTeam "SK LOSKA DOLINA 2"]
[BlackTeam "SK LOSKA DOLINA 1"]

1. d4 Nf6 2. Bf4 g6 3. e3 Bg7 4. Nf3 O-O 5. c3 d6 6. Bd3 Nbd7 7. O-O Re8 8. c4
e5 9. Bg3 e4 10. Be2 exf3 11. Bxf3 Ne4 12. Bxe4 Rxe4 13. Nc3 Re8 14. Qd2 Nb6
15. b3 c5 16. d5 a5 17. Nb5 Bxa1 18. Rxa1 a4 19. Bxd6 axb3 20. Bxc5 Nxc4 21.
Qd4 Rxa2 22. Qc3 Rxa1+ 23. Qxa1 b2 24. Qa2 Qxd5 25. Nc7 Qd1# 0-1

[Event "III. CLANSKA LIGA ZAHOD 2019"]
[Site "Komenda"]
[Date "2019.12.06"]
[Round "1.4"]
[White "Kutin, Boris"]
[Black "Bavec, Jakob"]
[Result "1-0"]
[WhiteElo "1924"]
[BlackElo "1125"]
[PlyCount "31"]
[EventDate "2019.12.06"]
[WhiteTeam "SK LOSKA DOLINA 1"]
[BlackTeam "SK LOSKA DOLINA 2"]

1. e4 e5 2. Nc3 Nf6 3. f4 exf4 4. Nf3 Bb4 5. Bc4 Bxc3 6. dxc3 Nc6 7. O-O O-O 8.
Bxf4 h6 9. e5 Nh5 10. Be3 d6 11. Ng5 hxg5 12. Qxh5 Nxe5 13. Bxg5 g6 14. Qh4 Qd7
15. Bf6 Nf3+ 16. Rxf3 1-0

[Event "III. CLANSKA LIGA ZAHOD 2019"]
[Site "Komenda"]
[Date "2019.12.07"]
[Round "2.1"]
[White "Trivuncevic, Bosko"]
[Black "Krumpak, Hinko"]
[Result "0-1"]
[WhiteElo "1937"]
[BlackElo "2049"]
[PlyCount "146"]
[EventDate "2019.12.07"]
[WhiteTeam "SK LOSKA DOLINA I"]
[BlackTeam "SK VISNJA GORA - STICNA"]

1. e4 d6 2. d4 Nf6 3. Nc3 g6 4. Bg5 Bg7 5. Qd2 c6 6. Nf3 h6 7. Bh4 g5 8. Bg3
Nh5 9. Bc4 Nxg3 10. fxg3 e6 11. O-O d5 12. exd5 cxd5 13. Bb5+ Bd7 14. Qe2 Bxb5
15. Qxb5+ Qd7 16. Rae1 O-O 17. Ne5 Qxb5 18. Nxb5 Nc6 19. c3 a6 20. Nd6 Nxe5 21.
dxe5 b6 22. c4 dxc4 23. Nxc4 b5 24. Nb6 Rad8 25. Rd1 Rfe8 26. Nd7 Rc8 27. Rf2
Re7 28. b4 Rc4 29. a3 Re4 30. Nf6+ Bxf6 31. exf6 Rc7 32. Rd6 Re1+ 33. Rf1 Re2
34. Kh1 Rcc2 35. Rg1 Rf2 36. Rxa6 Rxf6 37. Ra5 Rf5 38. a4 bxa4 39. Rxa4 Rb2 40.
Ra8+ Kg7 41. Rb8 Rff2 42. Rb7 Kg6 43. Rb6 g4 44. Rb8 h5 45. b5 Rf5 46. b6 Rfb5
47. Rf1 Rb1 48. Kg1 Rxf1+ 49. Kxf1 Kf5 50. b7 Ke4 51. Ke2 Rb2+ 52. Kd1 Ke3 53.
Rh8 Rxb7 54. Rxh5 Kf2 55. Rh4 Rd7+ 56. Kc2 Rd4 57. Kc3 e5 58. Rh5 f6 59. Rf5+
Kxg2 60. Rxf6 Kxh2 61. Rf5 Kxg3 62. Rxe5 Rd6 63. Rg5 Kf3 64. Rf5+ Kg2 65. Rg5
g3 66. Rg7 Kh2 67. Rh7+ Kg1 68. Rg7 g2 69. Rf7 Rh6 70. Kd2 Kh1 71. Rf6 Rh2 72.
Ke1 g1=Q+ 73. Rf1 Ra2 0-1

[Event "III. CLANSKA LIGA ZAHOD 2019"]
[Site "Komenda"]
[Date "2019.12.07"]
[Round "2.2"]
[White "Jese, Janez"]
[Black "Drobnic, Milan"]
[Result "0-1"]
[WhiteElo "1726"]
[BlackElo "1984"]
[PlyCount "152"]
[EventDate "2019.12.07"]
[WhiteTeam "SK VISNJA GORA - STICNA"]
[BlackTeam "SK LOSKA DOLINA I"]

1. e4 d6 2. d4 Nf6 3. Nc3 Nbd7 4. Nf3 e5 5. dxe5 dxe5 6. Bc4 Be7 7. O-O O-O 8.
h3 c6 9. a4 Qc7 10. Qe2 Nc5 11. b3 Be6 12. Bb2 Nh5 13. Bxe6 Nxe6 14. g3 Bc5 15.
Kh2 f6 16. Nd1 Qf7 17. Ne3 Rfd8 18. Rad1 Kh8 19. Rxd8+ Rxd8 20. Rd1 Rxd1 21.
Nxd1 g6 22. Qc4 Qd7 23. Qd3 Qxd3 24. cxd3 Kg7 25. Bc3 Kf7 26. b4 Bd6 27. Kg2
Nhg7 28. Nb2 b5 29. axb5 cxb5 30. Kf1 Ne8 31. Ke2 N8c7 32. Ne1 Nd8 33. Nc2 Nc6
34. Ke3 Na6 35. d4 Ncxb4 36. Nxb4 Nxb4 37. d5 Bc5+ 38. Ke2 a5 39. f3 Ke7 40.
Nd3 Nxd3 41. Kxd3 b4 42. Bd2 a4 43. Kc4 b3 44. Bc3 Bd4 45. Bb4+ Kd7 46. Kd3 Bb2
47. Kc4 Bc1 48. Kc3 Be3 49. Ba3 Bd4+ 50. Kb4 b2 51. Bxb2 Bxb2 52. Kxa4 f5 53.
g4 fxg4 54. fxg4 Kd6 55. Kb5 Bd4 56. Ka6 Kc7 57. Kb5 Be3 58. Ka6 Bg5 59. Kb5
Bf6 60. Kc5 Be7+ 61. Kb5 Kd6 62. Kc4 Kc7 63. Kb5 Kb7 64. Ka5 Bc5 65. Kb5 Bb6
66. Kc4 Ka6 67. d6 Kb7 68. Kd5 Bd4 69. Ke6 Kc6 70. d7 Bb6 71. Kxe5 Kxd7 72. Kf6
Bd4+ 73. Kf7 g5 74. Kg8 Ke6 75. Kxh7 Bf2 76. Kg6 Bh4 0-1

[Event "III. CLANSKA LIGA ZAHOD 2019"]
[Site "Komenda"]
[Date "2019.12.07"]
[Round "2.3"]
[White "Sharku, Hysen"]
[Black "Jancigaj, Saso Valentin"]
[Result "0-1"]
[WhiteElo "1787"]
[BlackElo "1682"]
[PlyCount "94"]
[EventDate "2019.12.07"]
[WhiteTeam "SK LOSKA DOLINA I"]
[BlackTeam "SK VISNJA GORA - STICNA"]

1. e4 e6 2. d4 f5 3. Bd3 fxe4 4. Bxe4 Nf6 5. Bd3 d5 6. Ne2 Bd6 7. b3 O-O 8. h3
e5 9. dxe5 Bxe5 10. c3 c6 11. Qc2 Qc7 12. Nd2 c5 13. Bb2 Nc6 14. g4 g6 15.
O-O-O Na5 16. c4 Be6 17. Rhf1 dxc4 18. Nxc4 Nxc4 19. Bxc4 Bxb2+ 20. Kxb2 Qe5+
21. Qc3 Qxc3+ 22. Nxc3 Bxc4 23. bxc4 Rad8 24. f4 Rd4 25. Rxd4 cxd4 26. Nb5 d3
27. Nxa7 Ne4 28. f5 Rd8 29. f6 d2 30. f7+ Kf8 31. Kc2 Nf2 32. Rd1 Nxd1 33. Kxd1
Kxf7 34. Nb5 Kf6 35. c5 Kg5 36. Nd6 Rd7 37. a4 Kh4 38. a5 Kxh3 39. Kxd2 Kxg4
40. Kc3 h5 41. Nc4 Kf4 42. Nb6 Rd1 43. Nc8 h4 44. Ne7 Kg5 45. a6 bxa6 46. c6
Rc1+ 47. Kd2 Rc5 0-1

[Event "III. CLANSKA LIGA ZAHOD 2019"]
[Site "Komenda"]
[Date "2019.12.07"]
[Round "2.4"]
[White "Perovsek, Milan"]
[Black "Kutin, Boris"]
[Result "1/2-1/2"]
[WhiteElo "1757"]
[BlackElo "1924"]
[PlyCount "134"]
[EventDate "2019.12.07"]
[WhiteTeam "SK VISNJA GORA - STICNA"]
[BlackTeam "SK LOSKA DOLINA I"]

1. e4 c6 2. d4 d5 3. exd5 cxd5 4. c4 Nf6 5. Nc3 Nc6 6. cxd5 Nxd5 7. Bb5 Qa5 8.
Nge2 Bd7 9. O-O Nc7 10. Bc4 e6 11. d5 Ne5 12. Bb3 O-O-O 13. Bf4 Ng6 14. Bg3 e5
15. Rc1 Kb8 16. f4 f6 17. Qc2 Rc8 18. Qd3 Bd6 19. Ne4 Bf5 20. Qf3 Bxe4 21. Qxe4
exf4 22. Nxf4 Nxf4 23. Bxf4 Qb6+ 24. Kh1 Rce8 25. Qc4 Rc8 26. Qe4 Rhe8 27. Qf3
Bxf4 28. Qxf4 Re5 29. Qg4 Rg5 30. Qd7 Qb5 31. Qxb5 Nxb5 32. Rfe1 Rxc1 33. Rxc1
Nd4 34. Bc4 b5 35. Bd3 Rxd5 36. Bxh7 Ne2 37. Rb1 Rd2 38. Be4 Nf4 39. h3 Kc7 40.
Rc1+ Kd6 41. Rc2 Rxc2 42. Bxc2 Kc7 43. Kh2 Nd5 44. Kg3 a5 45. Kh4 Ne3 46. Bh7
Nxg2+ 47. Kg4 Kb6 48. Kf5 Kc7 49. Bg8 g5 50. Ke4 Kd6 51. Kf5 Ke7 52. Kg4 Kd6
53. Kf5 Ke7 54. Kg4 Nh4 55. Bh7 Kd6 56. a3 Kc5 57. b3 Kd4 58. Bg8 Kc3 59. Kh5
a4 60. bxa4 bxa4 61. Kh6 Kb2 62. Kg7 f5 63. Kf6 f4 64. Kxg5 Ng2 65. Bd5 Ne3 66.
Bc6 Nc4 67. Kxf4 Kxa3 1/2-1/2

[Event "III. CLANSKA LIGA ZAHOD 2019"]
[Site "Komenda"]
[Date "2019.12.07"]
[Round "2.1"]
[White "Baric, Dusan"]
[Black "Hocevar, Tim"]
[Result "1-0"]
[WhiteElo "2013"]
[BlackElo "1500"]
[PlyCount "57"]
[EventDate "2019.12.07"]
[WhiteTeam "MATRIKA ZVO STARI TRG OB KOLPI"]
[BlackTeam "SK POSTOJNA"]

1. e4 g6 2. d4 Bg7 3. Nf3 d6 4. h3 Nf6 5. Nc3 O-O 6. Bd3 c5 7. Be3 cxd4 8. Nxd4
Nc6 9. O-O Nd7 10. Nde2 Nde5 11. Bb5 a6 12. Ba4 Nc4 13. Qc1 Nxe3 14. Qxe3 b5
15. Bb3 b4 16. Nd1 a5 17. c3 Ba6 18. Re1 Bxe2 19. Rxe2 a4 20. Bd5 bxc3 21. Bxc6
cxb2 22. Rb1 Rc8 23. Bxa4 Qa5 24. Bb3 Rc5 25. Nxb2 Rh5 26. Nc4 Qc7 27. a4 Rb8
28. Rc2 Bh6 29. Qf3 1-0

[Event "III. CLANSKA LIGA ZAHOD 2019"]
[Site "Komenda"]
[Date "2019.12.07"]
[Round "2.2"]
[White "Hocevar, Nick"]
[Black "Brgan, Niko"]
[Result "0-1"]
[WhiteElo "1069"]
[BlackElo "1758"]
[PlyCount "38"]
[EventDate "2019.12.07"]
[WhiteTeam "SK POSTOJNA"]
[BlackTeam "MATRIKA ZVO STARI TRG OB KOLPI"]

1. e4 e5 2. Nf3 Nc6 3. Bc4 Bc5 4. d3 d6 5. Ng5 Nh6 6. Qf3 Qe7 7. Nc3 Nd4 8. Qd1
c6 9. Be3 b5 10. Bb3 Nxb3 11. axb3 Bxe3 12. Nxf7 Bxf2+ 13. Kxf2 O-O 14. Ke1
Rxf7 15. d4 Bg4 16. Qd3 Raf8 17. d5 b4 18. Na4 Qf6 19. dxc6 Qf2# 0-1

[Event "III. CLANSKA LIGA ZAHOD 2019"]
[Site "Komenda"]
[Date "2019.12.07"]
[Round "2.3"]
[White "Bedic, Slavko"]
[Black "Beber, Anja"]
[Result "1-0"]
[WhiteElo "1890"]
[BlackElo "1195"]
[PlyCount "105"]
[EventDate "2019.12.07"]
[WhiteTeam "MATRIKA ZVO STARI TRG OB KOLPI"]
[BlackTeam "SK POSTOJNA"]

1. d4 e6 2. c4 d5 3. Nc3 Nf6 4. Bg5 Nbd7 5. Nf3 b6 6. cxd5 exd5 7. Nxd5 h6 8.
Nxf6+ Nxf6 9. Bd2 Bd6 10. e3 O-O 11. Be2 Bb7 12. O-O Ne4 13. Be1 Ng5 14. Rc1
Nxf3+ 15. Bxf3 Qh4 16. g3 Bxf3 17. Qxf3 Qe7 18. Rc6 Qe6 19. a3 Qb3 20. Bc3 Rad8
21. e4 f6 22. Qg4 Qb5 23. Qe6+ Kh8 24. Qc4 Qg5 25. f4 Qg6 26. e5 fxe5 27. dxe5
Bc5+ 28. Rxc5 bxc5 29. Qxc5 Qb6 30. Bb4 Rb8 31. Qxb6 axb6 32. Bxf8 Rxf8 33. Rd1
Rc8 34. Rd7 c5 35. Kf2 Kh7 36. Kf3 Rf8 37. Ke4 Kg6 38. g4 b5 39. h4 Rg8 40. h5+
Kh7 41. f5 Rb8 42. f6 b4 43. Kf5 c4 44. axb4 c3 45. bxc3 Rf8 46. Rxg7+ Kh8 47.
Rc7 Rg8 48. e6 Rg5+ 49. Kf4 Rxh5 50. gxh5 Kg8 51. Rf7 Kh8 52. e7 Kg8 53. e8=Q#
1-0

[Event "III. CLANSKA LIGA ZAHOD 2019"]
[Site "Komenda"]
[Date "2019.12.07"]
[Round "2.4"]
[White "Meze Ivanic, Ema"]
[Black "Danculovic, Jovica"]
[Result "0-1"]
[WhiteElo "1147"]
[BlackElo "1813"]
[PlyCount "74"]
[EventDate "2019.12.07"]
[WhiteTeam "SK POSTOJNA"]
[BlackTeam "MATRIKA ZVO STARI TRG OB KOLPI"]

1. e4 c5 2. Nf3 d6 3. Bb5+ Nd7 4. O-O Ngf6 5. Nc3 g6 6. d3 Bg7 7. Be3 O-O 8. d4
Ng4 9. dxc5 Nxe3 10. fxe3 Nxc5 11. Ng5 h6 12. Nf3 Bxc3 13. bxc3 Nxe4 14. Qd3
Nc5 15. Nd4 Nxd3 16. cxd3 Qa5 17. Rfc1 e5 18. Nb3 Qxb5 19. c4 Qb6 20. Re1 a5
21. Nd2 Bf5 22. Rab1 Qa7 23. Rb3 a4 24. Ra3 Qa5 25. Rd1 Bg4 26. Nb3 Qb4 27. Rb1
Qxa3 28. Nd2 Qxa2 29. Rxb7 Qxd2 30. h3 Qxe3+ 31. Kh2 Bf3 32. Kg3 Qf4+ 33. Kf2
Bxb7+ 34. Ke2 Bxg2 35. Kd1 Qf2 36. Kc1 a3 37. Kb1 Qb2# 0-1

[Event "III. CLANSKA LIGA ZAHOD 2019"]
[Site "Komenda"]
[Date "2019.12.07"]
[Round "2.1"]
[White "Stanic, Vitko"]
[Black "Mlacnik, Janez"]
[Result "0-1"]
[WhiteElo "1744"]
[BlackElo "1783"]
[PlyCount "52"]
[EventDate "2019.12.07"]
[WhiteTeam "SK LOSKA DOLINA II"]
[BlackTeam "KPSRD KAREL JERAJ LJUBLJANA"]

1. d4 Nf6 2. Nf3 g6 3. Bg5 Bg7 4. Nbd2 d6 5. e4 O-O 6. h3 Nc6 7. c3 Qe8 8. Bb5
Bd7 9. O-O h6 10. Bxf6 exf6 11. Re1 Nxd4 12. Nxd4 Bxb5 13. Nxb5 Qxb5 14. Qb3
Qc6 15. Qc4 Qxc4 16. Nxc4 Rfe8 17. f3 a5 18. a4 h5 19. Kf1 Bh6 20. Rad1 Bf4 21.
Rd5 b6 22. Red1 Re7 23. R5d3 Rae8 24. b4 axb4 25. cxb4 f5 26. exf5 Bg3 0-1

[Event "III. CLANSKA LIGA ZAHOD 2019"]
[Site "Komenda"]
[Date "2019.12.07"]
[Round "2.2"]
[White "Vertacnik, Viktor"]
[Black "Bavec, Vinko"]
[Result "1/2-1/2"]
[WhiteElo "1605"]
[BlackElo "1547"]
[PlyCount "44"]
[EventDate "2019.12.07"]
[WhiteTeam "KPSRD KAREL JERAJ LJUBLJANA"]
[BlackTeam "SK LOSKA DOLINA II"]

1. e4 c5 2. c3 Nc6 3. Nf3 e6 4. d4 cxd4 5. cxd4 d6 6. Nc3 a6 7. a3 Nge7 8. Bd3
g6 9. O-O Bg7 10. Be3 O-O 11. Qd2 d5 12. e5 Re8 13. Rac1 b5 14. Ne2 Bb7 15. b4
Rc8 16. Ng3 Nf5 17. Nxf5 exf5 18. Bh6 Ne7 19. Qg5 Nc6 20. Qd2 Ne7 21. Qg5 Nc6
22. Qd2 Ne7 1/2-1/2

[Event "III. CLANSKA LIGA ZAHOD 2019"]
[Site "Komenda"]
[Date "2019.12.07"]
[Round "2.3"]
[White "Sraj, Jernej"]
[Black "Cizman, Gregor"]
[Result "0-1"]
[WhiteElo "1052"]
[BlackElo "1543"]
[PlyCount "126"]
[EventDate "2019.12.07"]
[WhiteTeam "SK LOSKA DOLINA II"]
[BlackTeam "KPSRD KAREL JERAJ LJUBLJANA"]

1. d4 Nf6 2. Nf3 d5 3. Bf4 e6 4. Nbd2 Bd6 5. Bg3 a6 6. e3 O-O 7. Bd3 b6 8. c3
Bb7 9. Qc2 h6 10. O-O Qe7 11. e4 dxe4 12. Bxe4 Nxe4 13. Nxe4 Bxg3 14. Nxg3 Nd7
15. Rfe1 Bxf3 16. gxf3 Qd6 17. Qd3 a5 18. a3 Rfd8 19. b4 Nf6 20. Ne4 Nxe4 21.
fxe4 c5 22. e5 Qe7 23. Rab1 cxb4 24. cxb4 Qg5+ 25. Qg3 Qxg3+ 26. hxg3 Rxd4 27.
bxa5 Rxa5 28. Rxb6 Rxa3 29. Rb8+ Kh7 30. Rb7 Kg6 31. Kg2 Rad3 32. f4 Rd2+ 33.
Kf3 R2d3+ 34. Re3 Rxe3+ 35. Kxe3 Ra4 36. Rb6 h5 37. Rb7 Ra3+ 38. Kf2 Ra2+ 39.
Kg1 f6 40. Rb6 Kf5 41. Rb7 g6 42. Rb5 fxe5 43. Rxe5+ Kf6 44. g4 hxg4 45. Rg5 g3
46. Rxg3 Kf5 47. Rg5+ Kxf4 48. Rxg6 e5 49. Kf1 e4 50. Ke1 Kf3 51. Re6 Ke3 52.
Kf1 Ra1+ 53. Kg2 Ra4 54. Kg3 Kd3 55. Kf2 Rd4 56. Kg2 Ke2 57. Kg1 e3 58. Re5
Rg4+ 59. Kh2 Kf3 60. Kh3 Rf4 61. Kh2 e2 62. Kg1 Rg4+ 63. Kh2 Re4 0-1

[Event "III. CLANSKA LIGA ZAHOD 2019"]
[Site "Komenda"]
[Date "2019.12.07"]
[Round "2.4"]
[White "Kanc, Ignacij"]
[Black "Bavec, Jakob"]
[Result "1-0"]
[WhiteElo "1391"]
[BlackElo "1125"]
[PlyCount "61"]
[EventDate "2019.12.07"]
[WhiteTeam "KPSRD KAREL JERAJ LJUBLJANA"]
[BlackTeam "SK LOSKA DOLINA II"]

1. e4 e5 2. Nf3 Nc6 3. h3 Nf6 4. Nc3 Bb4 5. d3 Bxc3+ 6. bxc3 O-O 7. Bg5 h6 8.
Bh4 b6 9. Be2 Bb7 10. O-O d6 11. Nh2 d5 12. Ng4 g5 13. Bg3 dxe4 14. Nxh6+ Kg7
15. Ng4 exd3 16. cxd3 Nxg4 17. Bxg4 f5 18. Bf3 f4 19. Bh2 Qf6 20. Rc1 Rad8 21.
Qc2 Rh8 22. Rfe1 Qh6 23. d4 Ba6 24. Bxc6 Qxc6 25. Rxe5 Bb7 26. Rxg5+ Kf6 27.
Rg6+ Kf7 28. Rxc6 Bxc6 29. Qf5+ Ke7 30. Re1+ Kd6 31. Bxf4# 1-0

[Event "III. CLANSKA LIGA ZAHOD 2019"]
[Site "Komenda"]
[Date "2019.12.07"]
[Round "3.1"]
[White "Krumpak, Hinko"]
[Black "Baric, Dusan"]
[Result "1/2-1/2"]
[WhiteElo "2049"]
[BlackElo "2013"]
[PlyCount "73"]
[EventDate "2019.12.07"]
[WhiteTeam "SK VISNJA GORA - STICNA"]
[BlackTeam "MATRIKA ZVO STARI TRG OB KOLPI"]

1. d3 c5 2. g3 d5 3. c4 e6 4. Bg2 Nf6 5. cxd5 exd5 6. Bg5 Be7 7. Nc3 d4 8. Bxf6
Bxf6 9. Ne4 Be7 10. Nf3 O-O 11. O-O Nd7 12. Ned2 Rb8 13. Nc4 Qc7 14. a4 b6 15.
b4 Bb7 16. b5 Bf6 17. a5 Bd5 18. Nfd2 Bxg2 19. Kxg2 bxa5 20. Qa4 Qb7+ 21. Kg1
Qxb5 22. Qxa5 Ne5 23. Qxb5 Rxb5 24. Rxa7 Nxc4 25. Nxc4 h6 26. Rfa1 Rfb8 27. Ra8
Be7 28. Rxb8+ Rxb8 29. Ra7 Bf8 30. Rc7 f6 31. f4 h5 32. h4 Kh7 33. Kf2 Kg6 34.
Kf3 Kf5 35. e4+ dxe3 36. Nxe3+ Ke6 37. Rc6+ 1/2-1/2

[Event "III. CLANSKA LIGA ZAHOD 2019"]
[Site "Komenda"]
[Date "2019.12.07"]
[Round "3.2"]
[White "Brgan, Niko"]
[Black "Jese, Janez"]
[Result "1-0"]
[WhiteElo "1758"]
[BlackElo "1726"]
[PlyCount "61"]
[EventDate "2019.12.07"]
[WhiteTeam "MATRIKA ZVO STARI TRG OB KOLPI"]
[BlackTeam "SK VISNJA GORA - STICNA"]

1. e4 e5 2. Bc4 Nf6 3. d3 Bc5 4. Nc3 d6 5. Bg5 Be6 6. Bb3 O-O 7. Bh4 c6 8. Nge2
Nbd7 9. O-O b5 10. Kh1 Qb6 11. h3 a5 12. f4 Bxb3 13. axb3 exf4 14. Nxf4 h6 15.
Nh5 Nxh5 16. Qxh5 Ne5 17. Ne2 Ng6 18. c3 Nxh4 19. Qxh4 Be3 20. Rf3 Bg5 21. Qg4
g6 22. Raf1 Kg7 23. h4 Bd8 24. Ng3 Qc7 25. h5 g5 26. Nf5+ Kh7 27. Nd4 Qc8 28.
Rxf7+ Rxf7 29. Rxf7+ Kg8 30. Qf3 Bb6 31. Qf6 1-0